|
คณะการบัญชีและการจัดการ มหาวิทยาลัยมหาสารคาม
MBS Library Management - v5.7
|


|
mysqli: Deadlock found when trying to get lock; try restarting transaction
DELETE FROM stat_globaluid
WHERE id NOT IN (
SELECT id
FROM (
SELECT id
FROM stat_globaluid
ORDER BY id DESC
LIMIT 100
) foo
);
| LEADER 00000nam 2200000uu 4500 |
| 008 020711s2555 th a 000 0 tha d |
| 099 ^aTM 264 |
| 100 จิตต์ศุภางค์ แก้วคำ |
| 245 ผลกระทบของมาตรฐานการตรวจสอบภายในที่มีต่อประสิทธิผลการบริหารความเสี่ยงของบริษัทจดทะเบียนในตลาดหลักทรัพย์แห่งประเทศไทย |
| 250 พิมพ์ครั้งที่ 1 |
| 260 มหาสารคาม :^bมหาวิทยาลัยมหาสารคาม,^c2555 |
| คุณยังไม่ได้ล็อกอิน คุณสามารถมีกิจกรรมร่วมกับเว็บไซต์ได้ แต่ต้องล็อกอินก่อน :: |
|
| ลำดับที่ |
ประเภท |
เลขเรียก |
สถานที่ |
สถานะ |
| 1. |
 งานวิจัย | TM 264 2555 | ปริญญานิพนธ์ | On Shelf ขอยืม |
| [แสดง 1/1 รายการ] |
|
ยังไม่เคยถูกคอมเมนท์
|
| คอมเมนท์ทรัพยากรรายการนี้ |
|